World Press Photo 14.
Saved in:
| Andre forfattere: | |
|---|---|
| Format: | Bog |
| Sprog: | engelsk |
| Udgivet: |
United States of America:
Thames & Hudson,
2014.
|
| Fag: | |
| Tags: |
Tilføj Tag
Ingen Tags, Vær først til at tagge denne postø!
|
MARC
| LEADER | 00000nam a22000007a 4500 | ||
|---|---|---|---|
| 003 | CL-VaPUC | ||
| 005 | 20250321101921.0 | ||
| 008 | 250109t2014 ||||| |||| 00| 0 eng d | ||
| 999 | |c 446543 |d 446541 | ||
| 020 | |a 978-0-500-97062-1 | ||
| 040 | |c Pontificia Universidad Católica de Valparaíso | ||
| 082 | |a 779 HEI 2014 | ||
| 100 | |9 895159 |a Heijden, Teun van der |e Art director | ||
| 245 | |a World Press Photo 14. | ||
| 260 | |a United States of America: |b Thames & Hudson, |c 2014. | ||
| 300 | |a 158 páginas: |b fotografías. | ||
| 500 | |a c.1 Instituto Arcos. 08-01-2025 | ||
| 583 | |c 20250109 |k Gabriela Rodríguez Cuevas | ||
| 650 | 0 | |9 268698 |a Fotografía documental |x Premios internacionales |y 2013 | |
| 650 | 0 | |9 333344 |a Fotografía periodística |x Premios internacionales |y 2013 | |
| 700 | |9 895403 |a Lundelin, Kari |e editor | ||
| 942 | |2 ddc |c BK |n 0 | ||
| 952 | |0 0 |1 0 |2 ddc |4 0 |6 779_000000000000000_HEI_2014 |7 0 |9 599358 |a BIBINC |b BIBINC |c GEN |d 2025-01-15 |e Instituto Arcos |i 5664322 |o 779 HEI 2014 |p 5664322 |r 2025-01-15 |t 1 |w 2025-01-15 |y BK |k IFP | ||